Del franquismo al felipismo /
Guardado en:
| Autor principal: | |
|---|---|
| Formato: | Desconocido |
| Lenguaje: | Spanish |
| Publicado: |
España :
Ediciones Literarias ,
1994.
|
| Materias: | |
| Etiquetas: |
Agregar Etiqueta
Sin Etiquetas, Sea el primero en etiquetar este registro!
|
MARC
| LEADER | 000000000a22000000004500 | ||
|---|---|---|---|
| 001 | 002183 | ||
| 041 | 0 | |a spa | |
| 082 | 0 | 4 | |a 861.44 |b H565p |
| 100 | 1 | |a Herrera Marín, Oliver | |
| 245 | 1 | 0 | |a Del franquismo al felipismo / |c Oliver Herrera Marín. |
| 260 | 1 | |a España : |b Ediciones Literarias , |c 1994. | |
| 300 | |a 129 páginas ; |c 21 cm. | ||
| 650 | 4 | |a LITERATURA ESPAÑOLA | |
| 650 | 4 | |a POESIA | |
| 999 | |c 8764 |d 8764 | ||
| 942 | |c BK |h 861.44 H565p |2 z | ||
